| 000 | 00915cab a2200229 4500 | ||
|---|---|---|---|
| 001 | WB3128-15 | ||
| 008 | 090401t1995 xxu||||| |||| 00| 0 eng d | ||
| 035 | _a(Sirsi) u35409 | ||
| 041 | _aeng | ||
| 245 | _aVacant property | ||
| 260 | _c1995 | ||
| 350 | _a0 | ||
| 490 |
_aEstates Gazette Case Summaries _v1995 EGCS 123 (15/7/95) |
||
| 520 | _a"Tsao v SoS for Environment" QBD 4 July 1995. Application to quash CPO issued under Housing Act 1985 s17 refused on the grounds that the applicant had been treated as a statutory objector and through his own choice failed to attend a public inquiry where issues of fact could have been raised. | ||
| 650 | _aCPOS | ||
| 650 | _aHOUSING ACT 1985 S17 | ||
| 650 | _aOWNER-OCCUPIERS | ||
| 650 | _aPUBLIC INQUIRIES | ||
| 690 | _aENVIRONMENTAL AND LAND CONSULTANCY-PLANNING AND DEVELOPMENT-COMPULSORY PURCHASE AND COMPENSATION | ||
| 942 | _n0 | ||
| 948 | _c04/03/1997 | ||
| 999 |
_c23189 _d23189 |
||